000 00632nam a2200229Ia 4500
003 OSt
005 20220923214759.0
006 a|||||r|||| 00| 0
007 ta
008 220922b |||||||| |||| 00| 0 hin d
024 _a172,683
037 _cTextual
040 _aARTS
_cARTS
_bhin
041 _2hin
_ahin
082 _aO152:3NMA2x1, K6
100 _aमानप्पा, के0 बी0
245 0 _aअमराई का साई
246 _aAmarāī kā sāī
260 _c1966
942 _hO152:3NMA2x1, K6
_cTEXL
_2CC
999 _c326691
_d326691